Catálogo
 En Linea

La reelección del honorable presidente Trujillo / (Registro nro. 30444)

Detalles MARC
000 -CABECERA
campo de control de longitud fija 00960nam a2200205 a 4500
001 - NÚMERO DE CONTROL
campo de control 000030952
005 - FECHA Y HORA DE LA ÚLTIMA TRANSACCIÓN
campo de control 20240502120009.0
008 - DATOS DE LONGITUD FIJA--INFORMACIÓN GENERAL
campo de control de longitud fija 110608t1956 dr ac 001 0 spa d
040 ## - FUENTE DE LA CATALOGACIÓN
Centro catalogador/agencia de origen DO-SdBNP
Lengua de catalogación spa
Centro/agencia transcriptor BNPHU
082 ## - NÚMERO DE LA CLASIFICACIÓN DECIMAL DEWEY
Número de clasificación 324.97293053
Número de documento/Ítem R327h
049 ## - FONDOS LOCALES (OCLC)
Fondos de biblioteca BNPD
245 03 - MENCIÓN DE TÍTULO
Título La reelección del honorable presidente Trujillo /
Mención de responsabilidad, etc. Junta Provincial Pro-Reelección Presidente Trujillo.
260 ## - PUBLICACIÓN, DISTRIBUCIÓN, ETC.
Lugar de publicación, distribución, etc. Santiago, República Dominicana :
Nombre del editor, distribuidor, etc. Imp. de l. H. Cruz,
Fecha de publicación, distribución, etc. 1956.
300 ## - DESCRIPCIÓN FÍSICA
Extensión 219 p. :
Otras características físicas il., retrs. ;
Dimensiones 25 cm.
505 0# - NOTA DE CONTENIDO CON FORMATO
Nota de contenido con formato Incluye la relación de los nombres de los habitantes de la provincia de Santiago que apoyan la reelección de Trujillo comp Presidente de la República en el cuatrienio 1938-1942.
650 #0 - PUNTO DE ACCESO ADICIONAL DE MATERIA--TÉRMINO DE MATERIA
Término de materia o nombre geográfico como elemento de entrada Campañas políticas
9 (RLIN) 3368
650 #4 - PUNTO DE ACCESO ADICIONAL DE MATERIA--TÉRMINO DE MATERIA
Término de materia o nombre geográfico como elemento de entrada Presidentes
Subdivisión geográfica República Dominicana
Subdivisión general Elección
Subdivisión cronológica 1938
9 (RLIN) 56270
651 #4 - PUNTO DE ACCESO ADICIONAL DE MATERIA--NOMBRE GEOGRÁFICO
Nombre geográfico República Dominicana
Subdivisión general Política Y Gobierno
Subdivisión cronológica ERA DE TRUJILLO, 1930-1961
9 (RLIN) 1374
910 ## - DATOS DE OPCIÓN DEL USUARIO (OCLC)
Datos de opción del usuario Validado. Control de calidad EMS.
Existencias
Estado de retiro Estado de pérdida Restricciones de uso No para préstamo Código de colección Localización permanente Ubicación/localización actual Ubicación en estantería Fecha de adquisición Número de inventario Total de préstamos Signatura topográfica completa Código de barras Fecha visto por última vez Precio válido a partir de Tipo de ítem Koha Nota pública
      Excluido de préstamo Raros y valiosos Patrimonio Dominicano Patrimonio Dominicano Depósito 08.06.2011 LF1   324.97293053 R327h 30952-10 25.06.2020 25.06.2020 No se presta Pertenecio a la biblioteca personal de Martínez Boog.

Con tecnología Koha